000 00334nam a2200145Ia 4500
008 230917s9999||||xx |||||||||||||| ||und||
020 _cRS50.5
040 _e12052
_aMAIN
041 _aEnglish
082 _a005.43 R15V
100 _aRanade, Jay
245 0 _aVSAM: Concepts, programming and design
260 _c1992
942 _cBK
999 _c96833
_d96833